00579cam a22002171 4500001001300000003000400013005001700017008004100034010001700075025001900092035001900111040001700130042001200147050001700159100003100176245004800207260002900255300003000284651003000314999001700344sa 67004069 DLC20260227112343.0790106s1965 ii a 000 0 eng  asa 67004069  aPL480:I-E-8123 a(OCoLC)4528341 aDLCcMHdDLC apremarc00aDS486.M2bK72 aKrishnaswami Nayudu, W. S.10aOld Madrasc[by] W. S. Krishnaswami Nayudu. a[Madras,bSolden]c1965. aiv, 87 p.billus.c18 cm. 0aChennai (India)xHistory. c74243d74243